000 00561nam a2200241 a 4500
001 nice12345678
003 IN_TiNIC
005 20260116012816.0
008 050524s1986 kera grp 000 0 eng
020 _a
_c9
082 0 0 _a269.2
_bHAK
100 _aHakeem, A Abdul
245 _aOn the Way of the Cross
260 _aKerala
_bNur-Ul-Alam
_c1986
300 _a29p
500 _aincludes index and biblioraphy
505 2 _aNotes
650 _aEvangelistic Work
700 1 _aHakeem, A Abdul
902 _bSRS
942 _cBK
999 _c8460
_d8460